000 00870nam a2200193Ia 4500
003 GCL
008 140319s9999 xx 000 0 ara d
040 _aGCL /
_cGCL
082 0 4 _a810.9036
_bك ا
100 1 _aابن الكلبى : ابوالمنذر هشام بن ابى النصر محمد بن السائب بن بشر بن عمرو الكوفى
245 1 0 _aانساب الخيل فى الجاهلية والاسلام واخبارها /
_cابن الكلبى : ابوالمنذر هشام بن ابى النصر محمد بن السائب بن بشر بن عمرو الكوفى
700 1 _aاحمد زكى
300 _a136 ص
490 _aالهيئة العامة للاستعلامات
_v0
650 0 4 _aالخيل فى الادب
650 0 4 _aالخيل العربية
650 0 4 _aالادب العربى - تاريخ ونقد
942 _2ddc
_cBK
999 _c51839
_d51839